| 000 | 00723nam a2200241 a 4500 | ||
|---|---|---|---|
| 001 | 14233 | ||
| 003 | BD-JhCC | ||
| 005 | 20250222095959.0 | ||
| 008 | 220216s2014 bg |||| ||a| 000 0 ben d | ||
| 020 | _a9789843376763 | ||
| 035 | _a(BD-JhCC)14233 | ||
| 040 |
_aBD-JhCC _dBD-JhCC |
||
| 041 | _abangali | ||
| 082 |
_a297 _bALI 2014 |
||
| 100 | _a আলী, মুহাম্মাদ আদম | ||
| 245 |
_aপথের দিশা / _cমুহাম্মাদ আদম আলী |
||
| 260 |
_aঢাকা : _bমাকতাবাতুল ফুরকান; _c2014. |
||
| 300 |
_a১৮১ পৃ. : _c২১ সেমি. |
||
| 650 | _aIslamic | ||
| 650 | _aSuccess. | ||
| 942 |
_2ddc _cBK |
||
| 999 |
_c14233 _d14233 |
||